000 00247nam a2200097Ia 4500
001 683092
005 20250826161431.0
008 250824s9999 xx 000 0 und d
245 0 _a57. ALAY ÇANAKKALE
_cİSMAİL BİLGİN
260 _bTİMAŞ YAYINLARI
999 _c683092
_d683092